Statystyki dla Powiaty Polski leżące na wybrzeżu z mapą

Kliknij tutaj aby rozwiązać quiz!

Ogólne statystyki

  • Ten quiz został rozwiązany 119 razy
  • Średni wynik to 11 z 14

Odpowiedzi na mapie

Odpowiedzi skodowane kolorowo w zielono-czerwonej skali na mapie do tego quizu, zgodnie z poniższymi procentami.
 

Statystyki odpowiedzi

Powiat% Poprawnych
miasto {Gdynia}
99%
miasto {Gdańsk}
98%
miasto {Sopot}
96%
koszaliński
89%
miasto {Świnoujście}
89%
słupski
88%
kołobrzeski
83%
wejherowski
76%
pucki
75%
lęborski
62%
nowodworski
57%
kamieński
55%
sławieński
53%
gryficki
48%

Rozkład punktacji

Percentyl według liczby udzielonych odpowiedzi

Procent ludzi z każdym wynikiem

Twoja historia wyników

Nie rozwiązałeś tego quizu